[Event "Saintly Cup"]
[Site "Sydney"]
[Date "1999.01.22"]
[Round "1"]
[White "Roeder, Mathias"]
[Black "Wohl, Aleksandar H"]
[Result "1/2-1/2"]
[WhiteElo "2447"]
[BlackElo "2440"]
[Annotator "Stohl,I"]
[PlyCount "69"]
[EventDate "1999.01.22"]
[EventType "tourn"]
[EventRounds "9"]
[EventCountry "AUS"]
[EventCategory "10"]
[SourceTitle "CBM 070"]
[Source "ChessBase"]
[SourceDate "1999.06.08"]
[SourceVersion "1"]
[SourceVersionDate "1999.06.08"]
[SourceQuality "1"]

1. d4 Nf6 2. c4 e6 3. Nf3 c5 4. d5 exd5 5. cxd5 Bd6 6. Bg5 O-O 7. Nc3 Bc7 $6 (
7... Re8 $142 8. e3 ({An interesting idea is} 8. Nd2 $5 Be7 9. Bf4 d6 10. e4 a6
11. a4 Nbd7 12. Be2 Nf8 13. O-O Ng6 14. Bg3 Bf8 15. f4 Nd7 16. a5 (16. Nc4 $36)
16... b5 17. axb6 Nxb6 18. Ra3 f5 19. exf5 Ne7 20. Bh4 Qc7 21. f6 Nexd5 22.
Nxd5 Nxd5 23. Bc4 Be6 24. Qb3 Rab8 25. Qa2 Qb7 26. f5 Bf7 27. fxg7 Bxg7 28. f6
Bh6 $13 {Issakainen,A-Kilpela,P/Helsinki/1997/}) 8... Bc7 9. d6 Ba5 10. Bc4
Bxc3+ 11. bxc3 Nc6 12. O-O h6 (12... Ne5 $6 13. Nxe5 Rxe5 14. f4 Rxe3 15. Qd2
Re8 16. Rae1 Rb8 17. Rxe8+ Qxe8 18. Re1 Qf8 19. Re7 b5 20. Bxf7+ Qxf7 21. Rxf7
Kxf7 22. Bxf6 Kxf6 23. Qe3 Rb6 24. Qe5+ Kf7 {1-0,Farago,I-Kottke,M/Deizisau/
1999/}) 13. Bh4 b6 14. Qc2 Na5 15. Bd3 Bb7 16. Rad1 Rc8 17. Bf5 (17. c4 $5 $36)
17... g5 18. Bg3 Nc4 19. Qe2 b5 20. Bd3 Bd5 21. h4 Ne4 22. Bxe4 Bxe4 23. hxg5
hxg5 24. Nd2 Bd5 25. Rfe1 Qf6 $13 {1/2-1/2 Ionov,S-Bauer,C/Wijk aan Zee 1999 
(34)}) 8. d6 Ba5 9. Qc2 $146 (9. e4 $1 Re8 $5 (9... Nc6 10. Bd3 c4 11. Bc2 Re8
12. O-O Bxc3 13. bxc3 Re6 14. Re1 Qa5 15. e5 Ng4 16. Bf4 g6 17. Qd2 b6 18. Be4
Bb7 19. h3 {1-0,Ghinda,M-Biriescu,I/Predeal/1988/}) 10. Qc2 {-9.Qc2} (10. e5
Nc6 11. Qe2 Nd4 $15)) (9. Rc1 $6 Nc6 10. e3 Qb6 11. Bxf6 Qxb2 12. Rc2 Qa3 13.
Nd2 gxf6 14. Qg4+ Kh8 15. Qf5 Rg8 16. Qxf6+ Rg7 17. Nd5 b5 18. h4 c4 19. h5 Bd8
20. Qf4 Bg5 21. Qf5 Qxd6 22. Ne4 Qe6 23. Qxe6 fxe6 24. h6 Rg6 25. Nc7 Rb8 26.
Nd6 a6 27. f4 Be7 {Notkin,M-Vasiukov,E/Elista RUS-ch/1996/}) 9... Re8 10. O-O-O
(10. e4 $5 h6 11. Bh4 Nc6 (11... g5 12. Nxg5 hxg5 13. Bxg5 Nc6 14. Bc4 $44) 12.
O-O-O g5 13. Bg3 Bxc3 14. bxc3 Nxe4 15. Bd3 $44 {ץc8,Ra8}) 10... Bxc3 11. bxc3
$2 (11. Qxc3 Ne4 12. Bxd8 Nxc3 13. bxc3 Rxd8 14. e4 b6 15. Bc4 Nc6 16. Bd5 {
(),=/+/=}) 11... b5 {|^עc1} 12. Qf5 (12. e4 Bb7 {/\} 13. e5 $2 Bxf3 14. gxf3
Rxe5) 12... Re6 $5 {Black already avoids a possible draw after} (12... Qa5 13.
Bxf6 gxf6 14. Qxf6 Qxa2 $132) 13. Qxc5 Na6 14. Bxf6 (14. Qf5 Qa5 15. Kb2 Ne4
$40) (14. Qxb5 Rb8 $40) 14... Rxf6 15. Qe5 Bb7 16. Nd4 Qa5 17. Kb2 Rc8 $2 (
17... Rxf2 $142 18. Nf5 f6 (18... Rxf5 19. Qxf5 Rc8 $44) 19. Ne7+ Kh8 20. Qg3
b4 $1 $40) 18. Nb3 Qb6 19. f3 b4 (19... Re6 20. Qd4 {/\e4+/-}) 20. c4 $1 $16
Re6 (20... Rxc4 $4 21. Qe8#) (20... Nc5 21. Nxc5 Qxc5 $8 22. Qxc5 Rxc5 23. e4
$16) 21. Qb5 Nc5 22. Nxc5 Qxc5 23. Qxc5 (23. Qxd7 $2 Qxc4 $32 {->}) 23... Rxc5
24. e4 g6 25. Rd4 a5 26. Kb3 Kg7 27. Bd3 (27. Be2 f5 $132) 27... Rc6 28. Rd1
Rcxd6 29. Rxd6 Rxd6 30. c5 (30. Ka4 Ba6 31. Kxa5 Bxc4 $11) 30... Rc6 (30... Rd4
31. Ka4 Ba6 32. Be2 $1 $16) 31. Bc4 Rc7 (31... Bc8 32. Rd5 $18 {[%cal Rb3a5] /
\Ka4-a5}) 32. Bd5 (32. Rd6 $1 Bc6 $142 (32... Kf8 33. Ka4 (33. Rb6 $16) 33...
Ke7 34. Bb5 $16) 33. e5 $1 $36 {/\Rf6}) 32... Ba6 33. Bc4 Bb7 34. Bd5 Ba6 35.
Bc4 1/2-1/2

[Event "Linares Anibal op 04th"]
[Site "Linares"]
[Date "1997.??.??"]
[Round "3"]
[White "Dgebuadze, Alexandre"]
[Black "Miezis, Normunds"]
[Result "1/2-1/2"]
[WhiteElo "2415"]
[BlackElo "2555"]
[Annotator "Stohl,I"]
[PlyCount "46"]
[EventDate "1997.02.??"]
[EventType "swiss"]
[EventRounds "10"]
[EventCountry "ESP"]
[SourceTitle "CBM 058"]
[Source "ChessBase"]
[SourceDate "1997.06.01"]
[SourceVersion "1"]
[SourceVersionDate "1997.06.01"]
[SourceQuality "1"]

1. d4 Nf6 2. c4 c5 3. d5 e6 4. Nc3 exd5 5. cxd5 Bd6 {Miezis remains
consistently faithful to the "Snake" and apart from an occasional loss here
and there scores well with it.} 6. Nf3 Bc7 7. g4 $5 {Piket's wild idea, which
seemed like a refutation of the whole system. However, Miezis has already
shown this interesting move leads to a complicated position. The most often
used alternatives are 7.e4 and 7.Bg5, we will examine the less popular moves.}
(7. Nd2 d6 (7... Be5 $6 8. Nc4 d6 9. Nxe5 dxe5 10. e4 h6 11. f4 Nbd7 12. f5 c4
13. Qa4 O-O 14. Qxc4 a6 15. Qe2 b5 16. g4 b4 17. Na4 Nxe4 18. Qxe4 Qh4+ 19. Ke2
Nf6 20. Qg2 Nxg4 21. Rg1 Bxf5 22. h3 h5 23. hxg4 Bxg4+ 24. Kd2 Rac8 25. Qg3 Qf6
26. Ke1 $18 {Stertenbrink,G-Buecker,S/2BLW/1988/}) 8. Nc4 a6 9. a4 Nbd7 10. Bg5
O-O 11. e4 Re8 12. Bd3 Rb8 13. Ne3 h6 14. Bh4 Ne5 15. O-O Bd7 16. Bc2 Ng6 17.
Bg3 b5 18. axb5 axb5 19. f3 c4 20. Ne2 Nh5 21. Bf2 Bb6 22. g3 Ne5 23. Kg2 b4
24. Re1 Rc8 25. Ng1 Nf6 26. Rc1 Bc5 $36 {Portisch,L-Benjamin,J/Szirak izt/1987/
}) ({Another immediate refutation attempt is} 7. d6 $5 Ba5 8. Bg5 Qb6 (8... h6
$5 9. Bh4 O-O 10. Qc2 Nc6 11. O-O-O Bxc3 12. bxc3 b5 13. Qf5 Qa5 14. Bxf6 {
1/2,Barsov,A-Savchenko,S/Bern op/1995/}) 9. Bxf6 Qxb2 10. Bxg7 (10. Rc1 $143
gxf6 11. Qd2 Qxd2+ 12. Nxd2 Na6 13. e4 Bxc3 14. Rxc3 b6 15. a4 O-O 16. Rg3+ Kh8
17. Rf3 Bb7 18. Bc4 Rae8 19. O-O Nb8 20. Rxf6 Bxe4 21. Rxf7 Bg6 22. Rxf8+ Rxf8
23. Re1 Rf4 24. Bb5 Rd4 $17 {Barsov,A-Miezis,N/NRW-II/1996/}) 10... Rg8 (10...
Bxc3+ 11. Bxc3 Qxc3+ 12. Nd2 b6 13. Rc1 Qg7 14. h4 Bb7 15. Rh3 Nc6 16. Re3+ Kf8
17. g3 Re8 18. Rxe8+ Kxe8 19. Bg2 h5 20. Nc4 Rh6 21. Qa4 f5 22. Bxc6 Bxc6 23.
Qxa7 f4 24. gxf4 Qg1+ 25. Kd2 Qxf2 26. Qb8+ Kf7 27. Ne5+ Kg7 28. Nd3 $16 {
Lalic,B-Hodgson/Sochi/1987/}) 11. Rb1 Bxc3+ 12. Bxc3 Qxc3+ 13. Nd2 Qd4 14. Qc2
Rg6 15. Nc4 (15. g3 $5 $14 {[%csl Rc5,Rd7,Re8,Rf7,Rh7][%cal Yf1g2,Ye1g1] /\Bg2,
0-0,ע,P}) 15... Nc6 16. e3 Qf6 17. Be2 b6 18. Qe4+ Kf8 19. O-O Bb7 20. f3 Re8
21. Qc2 Nb4 22. Qd2 b5 23. Na5 Bc6 24. Nxc6 dxc6 25. d7 Rd8 26. e4 Qg5 27. Qxg5
Rxg5 28. f4 Rg6 $15 {Welin,T-Costa,J/Lugano op/1989/}) 7... Ba5 $5 (7... d6
$143 $6 8. g5 Nfd7 9. h4 a6 10. a4 Qe7 11. Bh3 O-O 12. Qd3 Ne5 13. Nxe5 Qxe5
14. a5 Qd4 15. Qg3 Qb4 {Piket,J-Adams,M/Groningen/1995/} 16. Bxc8 Rxc8 17. Qh3
Rd8 18. h5 Nd7 19. Ra4 Qb3 20. g6 $40 {Adams}) (7... h6 $5 $13) (7... O-O 8. g5
$40) (7... Qe7 8. d6 $5 Qxd6 9. Qxd6 Bxd6 10. g5 Nh5 11. Nb5 Ke7 12. Be3 Na6
$44) 8. Qd3 (8. g5 $2 Ne4 $36) (8. Bd2 O-O 9. g5 Bxc3 10. Bxc3 Ne4 $132) 8...
Qe7 9. Bd2 O-O 10. d6 $5 $146 {A logical and important novelty.} ({Weaker is
the more straightforward} 10. g5 Bxc3 $8 11. Bxc3 Ne4 12. Be5 Nxg5 13. Nxg5
Qxg5 14. Bd6 (14. Qg3 $5 Qxg3 15. hxg3 $44) 14... Re8 15. Bxc5 Na6 16. Bd6 b6
$36 {[%csl Re1] עe1} 17. Qg3 Qf6 18. O-O-O Nc5 19. f3 Na4 20. Rd2 Ba6 21. Qf4
Rac8+ 22. Kd1 (22. Kb1 Bd3+ $3 $19) 22... Nxb2+ 23. Ke1 Rc1+ 24. Kf2 Nd1+ {
0-1,Blees,A-Miezis,N/Antwerpen op/1996/}) 10... Qe6 11. g5 Bxc3 (11... Ne8 12.
Nd5 $5 Bxd2+ 13. Nxd2 Qxd6 14. Ne4 $36) 12. Bxc3 Nd5 $8 (12... Ne4 $2 13. Be5
$16) 13. Bd2 $5 (13. Bh3 Nf4 $1 14. Bxe6 Nxd3+ 15. exd3 dxe6 $15) (13. O-O-O
Nxc3 14. Qxc3 Qxa2 $13) 13... Nc6 (13... Qxd6 $2 14. e4 Re8 15. Be2 $18) 14. a3
Re8 15. O-O-O (15. Bh3 Qxh3 16. Qxd5 Qe6 17. Qxe6 Rxe6 18. Bf4 b6 $11) (15. h4
Qxd6 16. O-O-O Qe6 17. Bh3 Qe4 $15) 15... Nb6 16. h4 (16. Bc3 Na4 17. h4 b5 $5
$132) (16. Qe3 Nc4 17. Qxe6 fxe6 $5 18. Bg2 b5 $13) 16... a5 $1 17. h5 {
It seems as if Black will be overrun, but his counterplay comes just in time.}
Nb4 $1 18. axb4 $8 (18. Qb5 Qb3 19. Bxb4 Nc4 $1 20. Rd2 axb4 $19 {->}) (18.
Bxb4 axb4 $40) 18... axb4 19. Bh3 $8 {The only move, as otherwise Black has a
strong attack with a draw always guaranteed.} (19. g6 $2 Ra1+ 20. Kc2 c4 $19) (
19. b3 $6 Ra1+ (19... c4 $40) 20. Kc2 Ra2+ 21. Kb1 (21. Kc1 c4 $40) 21... Ra3
$17) 19... Ra1+ (19... Qc4+ 20. Qxc4 Nxc4 21. Kc2 $1 Rxe2 22. Kd3 $18) (19...
Qa2 20. g6 $5 fxg6 (20... c4 21. gxf7+ Kxf7 22. Ng5+ $18) (20... Qa1+ 21. Kc2
Qa4+ 22. Qb3 $18) 21. hxg6 c4 22. gxh7+ Kh8 23. Qb1 Qb3 24. Nh4 $18) 20. Kc2
b3+ $1 {Wisely forces a draw.} (20... c4 $143 $2 21. Bxe6 cxd3+ 22. Kxd3 Rxd1
23. Bxf7+ Kxf7 24. Rxd1 $16) 21. Qxb3 $8 (21. Kc3 $4 Na4#) 21... Qe4+ 22. Qd3 (
22. Kc3 $2 Na4+ 23. Qxa4 Rxa4 $19) 22... Qa4+ 23. Qb3 $8 (23. b3 Qa2+ 24. Kc3
c4 $1 25. bxc4 (25. Qc2 Nd5+ $19) 25... Qa3+ 26. Kd4 Qxd6+ 27. Kc3 Ra3+ 28. Kc2
Rxd3 29. exd3 Qc6 $40) 23... Qe4+ 1/2-1/2

[Event "SWE-ch"]
[Site "Linkoping"]
[Date "2001.07.05"]
[Round "5"]
[White "Akesson, Ralf"]
[Black "Carlsson, Pontus"]
[Result "1-0"]
[WhiteElo "2467"]
[BlackElo "2316"]
[Annotator "Ziegler,A"]
[PlyCount "131"]
[EventDate "2001.06.30"]
[EventType "tourn"]
[EventRounds "13"]
[EventCountry "SWE"]
[EventCategory "8"]
[SourceTitle "CBM 085"]
[Source "ChessBase"]
[SourceDate "2001.11.13"]
[SourceVersion "1"]
[SourceVersionDate "2001.11.13"]
[SourceQuality "1"]

1. d4 Nf6 2. c4 e6 {Svart vill spela indiskt, men vit snuvar honom på
konfekten.} 3. g3 c5 4. d5 exd5 5. cxd5 b5 {Lite ovanligt. Svart utnyttjar det
faktum att vit inte har spelat Sc3 ännu.} 6. Bg2 d6 7. b4 {Vit offrar bonde
för att få total centrumdominans. Men en bonde är en bonde:} Bb7 {Timmans
nyhet mot Chernin från förra året.} (7... cxb4 8. a3 (8. Bb2 Nbd7 {Vit har
många fält, men jag är lite skeptisk.}) 8... bxa3 9. Nxa3 {Ger någon form av
omvänd Benkögambitstrategi, som vi kanske kommer att få se mer av i framtiden.}
) 8. a3 {Vit har uppnått sitt mål. Svarts damflygelbönder är statiska.} g6 (
8... a5 {Föreslås av Stohl och Fritz med oklart spel.}) 9. Nc3 Bg7 {Svart
ville inte ha bonde, han offrar hellre!} 10. Nxb5 O-O (10... a6 11. Nc3 Nxd5
12. Nxd5 Bxa1 13. Bg5 {Ger vit fint spel för kvallen.}) 11. Bf4 cxb4 12. axb4
Qb6 13. Ra5 {[#]} Ng4 14. e3 Ne5 15. Bxe5 Bxe5 {Svart plockar ihop små bitar
för att uppnå kompensation.} 16. Nf3 a6 17. Nxe5 dxe5 18. Na3 Rd8 (18... Qxb4+
{Återställer den materiella balansen, men vit får mycket enkelt spel:} 19. Qd2
Qe7 20. Nc4) 19. Qb3 Nd7 20. Nc4 Qc7 21. O-O Rac8 22. Rc1 Qb8 23. Raa1 e4 24.
Rd1 Nf6 25. Nb6 (25. Bh3 Bxd5 26. Bxc8 Rxc8 27. Qb2 Bxc4 28. Qxf6 {Vinner
enkelt för vit.}) 25... Rc7 26. Ra5 $2 (26. d6 Rc6 27. Nc4) 26... Rd6 27. Na4
Rxd5 28. Rdxd5 Bxd5 29. Qb2 Rc6 $2 (29... Rc4 $1 30. Qxf6 Rc1+ 31. Bf1 Bc4) 30.
Nc3 $6 (30. Nc5 {Ser naturligare ut. Varför skall man låta svart binda
springaren i onödan?}) 30... Qe5 31. Rc5 Rb6 (31... a5) 32. Qa3 Qd6 33. Nxd5
Nxd5 34. Bxe4 Nxb4 35. Qc3 Rb8 {[#]Spelet var varit hårt och i nästan varje
drag har det funnits mycket att räkna på. Efter att spelet böljat lite fram
och tillbaka har vi hamnat i en ställning där svart har goda remichanser även
utan a-bonden. A-bonden är betydelselös nu eftersom ställningen har
mittspelskaraktär.} 36. h4 Na2 $6 (36... h5) ({Eller att störa löparen med} 
36... Qe6 {hade varit bättre.}) 37. Qc4 Nb4 {Jag antar att svart var i tidsnöd.
} 38. Rc7 Qf6 39. Kg2 Kg7 (39... h5) 40. h5 {Nu får vit chansen igen.} a5 41.
h6+ Kxh6 42. Rxf7 Rc8 43. Rxh7+ Kxh7 44. Qxc8 {Det krävs en del teknik
härifrån, Ralf har den.} Qd6 45. Qb7+ Kh6 46. Qa8 Qe5 47. f4 Qb2+ 48. Kh3 Qa1
49. Qe8 Qf6 50. g4 Kg7 51. Qd7+ Qf7 52. Qd4+ Kf8 53. Kg3 Qg7 54. Qd8+ Kf7 55.
Qxa5 Qc3 56. Qa7+ Kf8 57. Bxg6 Qe1+ 58. Kg2 Qe2+ 59. Kh3 Qf3+ 60. Kh4 Qh1+ 61.
Kg5 Qd5+ 62. f5 Nc6 63. Qb7 Qd8+ 64. f6 Qd5+ 65. Kh6 Qh1+ 66. Bh5 1-0